| 000 | 00727nam a2200265Ia 4500 | ||
|---|---|---|---|
| 003 | OSt | ||
| 005 | 20220912150438.0 | ||
| 006 | a|||||r|||| 00| 0 | ||
| 007 | ta | ||
| 008 | 220909b |||||||| |||| 00| 0 eng d | ||
| 024 | _a49262 | ||
| 037 | _cTextual | ||
| 040 |
_aCSL _beng _cCSL |
||
| 041 | _aeng | ||
| 082 | _aH2115, M3 | ||
| 100 | _aBrown William L Ed. | ||
| 245 | 0 | _aFeldspars and feldspathoids: Structures propertise and occurences | |
| 260 |
_aDordrecht _bD Reidal Publishing Co. _c1983 |
||
| 300 |
_axv, 541p. _ccm. |
||
| 490 | _aNATO ASI series; 137 | ||
| 650 | _a Volcanic rock | ||
| 650 | _aGeology | ||
| 942 |
_hH2115, M3 _cTEXL _2CC |
||
| 999 |
_c47468 _d47468 |
||